FINANCIAL MANAGEMENT THEORY AND PRACTICE (Record no. 35080)
[ view plain ]
| 000 -LEADER | |
|---|---|
| fixed length control field | 00266nam a2200109Ia 4500 |
| 008 - FIXED-LENGTH DATA ELEMENTS--GENERAL INFORMATION | |
| fixed length control field | 240625s9999 xx 000 0 und d |
| 041 ## - LANGUAGE CODE | |
| Language code of text/sound track or separate title | eng |
| 082 ## - DEWEY DECIMAL CLASSIFICATION NUMBER | |
| Classification number | 658.15 CHA |
| 100 ## - MAIN ENTRY--PERSONAL NAME | |
| Personal name | CHANDRA PRASANNA |
| 245 ## - TITLE STATEMENT | |
| Title | FINANCIAL MANAGEMENT THEORY AND PRACTICE |
| 260 ## - PUBLICATION, DISTRIBUTION, ETC. | |
| Date of publication, distribution, etc. | 2011 |
| Withdrawn status | Lost status | Damaged status | Not for loan | Home library | Current library | Shelving location | Date acquired | Full call number | Barcode | Date last seen | Price effective from | Koha item type |
|---|---|---|---|---|---|---|---|---|---|---|---|---|
| IMTN | IMTN | Rack 23-A | 11/08/2014 | 658.15 CHA | CD2108 | 06/25/2024 | 06/25/2024 | CD |